[Event "Villarobledo Online Qualifyer"]
[Site "playchess.com #155672"]
[Date "2009.05.23"]
[Round "5"]
[White "Manza"]
[Black "Buster hyman"]
[Result "0-1"]
[WhiteElo "1564"]
[BlackElo "1738"]
[PlyCount "140"]
[EventDate "2009.05.23"]
[EventType "swiss (blitz)"]

1. e4 {[%emt 0:00:03]} c5 {[%emt 0:00:02]} 2. Nf3 {[%emt 0:00:01]} Nc6 {[%emt
0:00:01]} 3. d4 {[%emt 0:00:01]} cxd4 {[%emt 0:00:00]} 4. Nxd4 {[%emt 0:00:01]}
g6 {[%emt 0:00:01]} 5. Nc3 {[%emt 0:00:03]} Bg7 {[%emt 0:00:01]} 6. Nxc6 {
[%emt 0:00:07]} bxc6 {[%emt 0:00:01]} 7. Bc4 {[%emt 0:00:02]} d6 {[%emt 0:00:
19]} 8. O-O {[%emt 0:00:12]} Nf6 {[%emt 0:00:01]} 9. Bg5 {[%emt 0:00:11]} O-O {
[%emt 0:00:02]} 10. Qd2 {[%emt 0:00:03]} Rb8 {[%emt 0:00:07]} 11. Bb3 {[%emt 0:
00:05]} Qa5 {[%emt 0:00:09]} 12. Nd1 {[%emt 0:00:26]} Qxd2 {[%emt 0:00:10]} 13.
Bxd2 {[%emt 0:00:01]} Nxe4 {[%emt 0:00:05]} 14. Be3 {[%emt 0:00:13]} c5 {[%emt
0:00:17]} 15. f3 {[%emt 0:00:08]} Nf6 {[%emt 0:00:05]} 16. Nc3 {[%emt 0:00:10]}
Bb7 {[%emt 0:00:11]} 17. a4 {[%emt 0:00:07]} Rfc8 {[%emt 0:00:22]} 18. Nb5 {
[%emt 0:00:29]} a6 {[%emt 0:00:11]} 19. Nc3 {[%emt 0:00:06]} e6 {[%emt 0:00:29]
} 20. Bg5 {[%emt 0:00:22]} d5 {[%emt 0:00:02]} 21. Ne2 {[%emt 0:00:10]} h6 {
[%emt 0:00:05]} 22. Bxf6 {[%emt 0:00:02]} Bxf6 {[%emt 0:00:02]} 23. c3 {[%emt
0:00:01]} Kg7 {[%emt 0:00:02]} 24. Bc2 {[%emt 0:00:01]} d4 {[%emt 0:00:06]} 25.
Ra3 {[%emt 0:00:05]} Rd8 {[%emt 0:00:09]} 26. Rd1 {[%emt 0:00:02]} e5 {[%emt 0:
00:03]} 27. c4 {[%emt 0:00:02]} Be7 {[%emt 0:00:05]} 28. b3 {[%emt 0:00:01]} f5
{[%emt 0:00:02]} 29. Raa1 {[%emt 0:00:02]} e4 {[%emt 0:00:02]} 30. fxe4 {[%emt
0:00:01]} fxe4 {[%emt 0:00:01]} 31. Ng3 {[%emt 0:00:00]} Bh4 {[%emt 0:00:11]}
32. Nxe4 {[%emt 0:00:02]} Bxe4 {[%emt 0:00:08]} 33. Bxe4 {[%emt 0:00:01]} Bf6 {
[%emt 0:00:02]} 34. Rd3 {[%emt 0:00:01]} Re8 {[%emt 0:00:04]} 35. Bf3 {[%emt 0:
00:04]} Re7 {[%emt 0:00:05]} 36. Rf1 {[%emt 0:00:08]} a5 {[%emt 0:00:01]} 37.
h3 {[%emt 0:00:01]} Rbe8 {[%emt 0:00:02]} 38. Bd5 {[%emt 0:00:02]} Re3 {[%emt
0:00:02]} 39. Rxe3 {[%emt 0:00:01]} Rxe3 {[%emt 0:00:01]} 40. Bf3 {[%emt 0:00:
04]} Rxb3 {[%emt 0:00:01]} 41. Bc6 {[%emt 0:00:05]} d3 {[%emt 0:00:04]} 42. Rd1
{[%emt 0:00:01]} Rc3 {[%emt 0:00:10]} 43. Bd5 {[%emt 0:00:04]} Bg5 {[%emt 0:00:
02]} 44. Kf2 {[%emt 0:00:03]} Rc2+ {[%emt 0:00:03]} 45. Kf3 {[%emt 0:00:02]} d2
{[%emt 0:00:02]} 46. Ke2 {[%emt 0:00:02]} Rc1 {[%emt 0:00:04]} 47. Rxd2 {[%emt
0:00:02]} Bxd2 {[%emt 0:00:02]} 48. Kxd2 {[%emt 0:00:00]} Ra1 {[%emt 0:00:02]}
49. Bc6 {[%emt 0:00:02]} Kf6 {[%emt 0:00:01]} 50. g4 {[%emt 0:00:01]} Ke5 {
[%emt 0:00:01]} 51. Bd7 {[%emt 0:00:01]} g5 {[%emt 0:00:01]} 52. Kc3 {[%emt 0:
00:01]} Rb1 {[%emt 0:00:04]} 53. Kd3 {[%emt 0:00:02]} Rb3+ {[%emt 0:00:02]} 54.
Kc2 {[%emt 0:00:01]} Rxh3 {[%emt 0:00:02]} 55. Bc8 {[%emt 0:00:07]} Kd4 {[%emt
0:00:01]} 56. Ba6 {[%emt 0:00:06]} Rg3 {[%emt 0:00:04]} 57. Bc8 {[%emt 0:00:02]
} Rh3 {[%emt 0:00:02]} 58. Ba6 {[%emt 0:00:03]} h5 {[%emt 0:00:01]} 59. gxh5 {
[%emt 0:00:02]} Rxh5 {[%emt 0:00:02]} 60. Bc8 {[%emt 0:00:01]} Rh4 {[%emt 0:00:
02]} 61. Kd2 {[%emt 0:00:07]} Kxc4 {[%emt 0:00:02]} 62. Ke3 {[%emt 0:00:01]}
Kb4 {[%emt 0:00:02]} 63. Bd7 {[%emt 0:00:01]} c4 {[%emt 0:00:02]} 64. Kd2 {
[%emt 0:00:02]} g4 {[%emt 0:00:04]} 65. Bc6 {[%emt 0:00:04]} g3 {[%emt 0:00:02]
} 66. Bg2 {[%emt 0:00:01]} c3+ {[%emt 0:00:02]} 67. Kc2 {[%emt 0:00:01]} Rf4 {
[%emt 0:00:02]} 68. Bh1 {[%emt 0:00:04]} Rf2+ {[%emt 0:00:01]} 69. Kd3 {[%emt
0:00:01]} g2 {[%emt 0:00:01]} 70. Bxg2 {[%emt 0:00:01]} Rxg2 {[%emt 0:00:01]
Manza rinde} 0-1

[Event "Villarobledo Online Qualifyer"]
[Site "playchess.com #155672"]
[Date "2009.05.23"]
[Round "5"]
[White "Murri"]
[Black "Secondwind"]
[Result "0-1"]
[WhiteElo "1760"]
[BlackElo "2334"]
[PlyCount "150"]
[EventDate "2009.05.23"]
[EventType "swiss (blitz)"]

1. d4 {[%emt 0:00:01]} d5 {[%emt 0:00:01]} 2. c4 {[%emt 0:00:10]} c6 {[%emt 0:
00:01]} 3. Nc3 {[%emt 0:00:02]} Nf6 {[%emt 0:00:00]} 4. Nf3 {[%emt 0:00:02]} a6
{[%emt 0:00:00]} 5. e3 {[%emt 0:00:02]} b5 {[%emt 0:00:00]} 6. cxd5 {[%emt 0:
00:04]} cxd5 {[%emt 0:00:02]} 7. Bd3 {[%emt 0:00:02]} e6 {[%emt 0:00:01]} 8.
O-O {[%emt 0:00:02]} Bb7 {[%emt 0:00:02]} 9. b3 {[%emt 0:00:05]} Nbd7 {[%emt 0:
00:02]} 10. Bb2 {[%emt 0:00:02]} Bd6 {[%emt 0:00:02]} 11. Rc1 {[%emt 0:00:13]}
O-O {[%emt 0:00:01]} 12. h3 {[%emt 0:00:08]} Rc8 {[%emt 0:00:03]} 13. Qe2 {
[%emt 0:00:07]} Qe7 {[%emt 0:00:02]} 14. Rfe1 {[%emt 0:00:03]} Ne4 {[%emt 0:00:
07]} 15. Nd2 {[%emt 0:00:10]} Nxd2 {[%emt 0:00:32]} 16. Qxd2 {[%emt 0:00:06]}
e5 {[%emt 0:00:01]} 17. dxe5 {[%emt 0:00:11]} Qxe5 {[%emt 0:00:02]} 18. f4 {
[%emt 0:00:14]} Qh5 {[%emt 0:00:10]} 19. Be2 {[%emt 0:00:05]} Qf5 {[%emt 0:00:
06]} 20. Bg4 {[%emt 0:00:04]} Qg6 {[%emt 0:00:12]} 21. Bxd7 {[%emt 0:00:03]}
Rcd8 {[%emt 0:00:01]} 22. Bg4 {[%emt 0:00:08]} Rfe8 {[%emt 0:00:06]} 23. Ne2 {
[%emt 0:00:16]} d4 {[%emt 0:00:19]} 24. Nxd4 {[%emt 0:00:06]} h5 {[%emt 0:00:
06]} 25. Bf3 {[%emt 0:00:03]} Bxf3 {[%emt 0:00:28]} 26. Nxf3 {[%emt 0:00:07]}
Bxf4 {[%emt 0:00:01]} 27. Qc3 {[%emt 0:00:12]} Bg3 {[%emt 0:00:04]} 28. Red1 {
[%emt 0:00:06]} Rc8 {[%emt 0:00:03]} 29. Qd4 {[%emt 0:00:07]} Rcd8 {[%emt 0:00:
08]} 30. Qc3 {[%emt 0:00:21]} Rc8 {[%emt 0:00:01]} 31. Qd2 {[%emt 0:00:02]}
Rcd8 {[%emt 0:00:03]} 32. Qe2 {[%emt 0:00:01]} Rxd1+ {[%emt 0:00:11]} 33. Rxd1
{[%emt 0:00:03]} Kh7 {[%emt 0:00:02]} 34. Qd3 {[%emt 0:00:03]} f5 {[%emt 0:00:
19]} 35. Nd4 {[%emt 0:00:05]} Re4 {[%emt 0:00:05]} 36. Rf1 {[%emt 0:00:02]} Bb8
{[%emt 0:00:37]} 37. Rxf5 {[%emt 0:00:06]} Qg3 {[%emt 0:00:04]} 38. Rxh5+ {
[%emt 0:00:07]} Kg8 {[%emt 0:00:02]} 39. Nf3 {[%emt 0:00:11] .} Re8 {[%emt 0:
00:03]} 40. Qd5+ {[%emt 0:00:02]} Kf8 {[%emt 0:00:01]} 41. Qf5+ {[%emt 0:00:02]
} Ke7 {[%emt 0:00:01]} 42. Qg5+ {[%emt 0:00:01]} Qxg5 {[%emt 0:00:02]} 43. Rxg5
{[%emt 0:00:01]} g6 {[%emt 0:00:01]} 44. Rxg6 {[%emt 0:00:02]} Rc8 {[%emt 0:00:
00]} 45. Rg4 {[%emt 0:00:07]} Rc2 {[%emt 0:00:01]} 46. Bd4 {[%emt 0:00:02]}
Rxa2 {[%emt 0:00:01]} 47. Rg7+ {[%emt 0:00:02]} Ke6 {[%emt 0:00:01]} 48. Ng5+ {
[%emt 0:00:02]} Kf5 {[%emt 0:00:01]} 49. Rf7+ {[%emt 0:00:01]} Kg6 {[%emt 0:00:
01]} 50. Rb7 {[%emt 0:00:02]} Bg3 {[%emt 0:00:01]} 51. Rf7 {[%emt 0:00:06]} Rd2
{[%emt 0:00:02]} 52. Ne4 {[%emt 0:00:03]} Rd1+ {[%emt 0:00:02]} 53. Rf1 {[%emt
0:00:02]} Bh2+ {[%emt 0:00:01]} 54. Kxh2 {[%emt 0:00:02]} Rxf1 {[%emt 0:00:00]}
55. Nc5 {[%emt 0:00:01]} Rb1 {[%emt 0:00:02]} 56. Nxa6 {[%emt 0:00:02]} Rxb3 {
[%emt 0:00:01]} 57. Nc7 {[%emt 0:00:01]} b4 {[%emt 0:00:01]} 58. Nd5 {[%emt 0:
00:04]} Rb1 {[%emt 0:00:02]} 59. Bc5 {[%emt 0:00:01]} b3 {[%emt 0:00:01]} 60.
Nb4 {[%emt 0:00:03]} Rc1 {[%emt 0:00:02]} 61. Bd4 {[%emt 0:00:01]} Rd1 {[%emt
0:00:03]} 62. Kg3 {[%emt 0:00:03]} Rxd4 {[%emt 0:00:01]} 63. exd4 {[%emt 0:00:
03]} b2 {[%emt 0:00:01]} 64. d5 {[%emt 0:00:01]} b1=Q {[%emt 0:00:02]} 65. Nc6
{[%emt 0:00:02]} Qb3+ {[%emt 0:00:02]} 66. Kh2 {[%emt 0:00:02]} Kf6 {[%emt 0:
00:02]} 67. d6 {[%emt 0:00:02]} Qd5 {[%emt 0:00:01]} 68. d7 {[%emt 0:00:03]}
Qxd7 {[%emt 0:00:01]} 69. Nb4 {[%emt 0:00:02]} Qd6+ {[%emt 0:00:01]} 70. g3 {
[%emt 0:00:03]} Qxb4 {[%emt 0:00:00]} 71. h4 {[%emt 0:00:00]} Qd2+ {[%emt 0:00:
01]} 72. Kh3 {[%emt 0:00:01]} Kf5 {[%emt 0:00:00]} 73. h5 {[%emt 0:00:01]} Qe2
{[%emt 0:00:02]} 74. h6 {[%emt 0:00:02]} Qh5+ {[%emt 0:00:01]} 75. Kg2 {[%emt
0:00:01]} Qxh6 {[%emt 0:00:01] Murri resigns} 0-1

[Event "Villarobledo Online Qualifyer"]
[Site "playchess.com #155672"]
[Date "2009.05.23"]
[Round "5"]
[White "Shatterhand"]
[Black "Jebe"]
[Result "1/2-1/2"]
[WhiteElo "2419"]
[BlackElo "1974"]
[PlyCount "150"]
[EventDate "2009.05.23"]
[EventType "swiss (blitz)"]

1. c4 {[%emt 0:00:03]} Nf6 {[%emt 0:00:04]} 2. Nc3 {[%emt 0:00:02]} e6 {[%emt
0:00:06]} 3. d4 {[%emt 0:00:01]} Bb4 {[%emt 0:00:03]} 4. e3 {[%emt 0:00:01]}
Ne4 {[%emt 0:00:08]} 5. Nge2 {[%emt 0:00:00]} f5 {[%emt 0:00:06]} 6. Qc2 {
[%emt 0:00:04]} d6 {[%emt 0:00:05]} 7. a3 {[%emt 0:00:02]} Bxc3+ {[%emt 0:00:
01]} 8. Nxc3 {[%emt 0:00:00]} Nf6 {[%emt 0:00:04]} 9. Bd3 {[%emt 0:00:17]} O-O
{[%emt 0:00:10]} 10. e4 {[%emt 0:00:10]} Nc6 {[%emt 0:00:08]} 11. Ne2 {[%emt 0:
00:39]} fxe4 {[%emt 0:00:24]} 12. Bxe4 {[%emt 0:00:00]} Nxe4 {[%emt 0:00:06]}
13. Qxe4 {[%emt 0:00:00]} e5 {[%emt 0:00:00]} 14. d5 {[%emt 0:00:09]} Ne7 {
[%emt 0:00:38]} 15. Bg5 {[%emt 0:00:23]} Qe8 {[%emt 0:00:13]} 16. Bxe7 {[%emt
0:00:10]} Qxe7 {[%emt 0:00:01]} 17. Ng3 {[%emt 0:00:03]} Rf4 {[%emt 0:00:05]}
18. Qe2 {[%emt 0:00:03]} Bd7 {[%emt 0:00:17]} 19. O-O {[%emt 0:00:04]} Raf8 {
[%emt 0:00:06]} 20. Rac1 {[%emt 0:00:02]} b6 {[%emt 0:00:11]} 21. b4 {[%emt 0:
00:02]} Qh4 {[%emt 0:00:05]} 22. Qh5 {[%emt 0:00:10]} Qxh5 {[%emt 0:00:14]} 23.
Nxh5 {[%emt 0:00:00]} Rd4 {[%emt 0:00:07]} 24. Rfd1 {[%emt 0:00:01]} Rxd1+ {
[%emt 0:00:05]} 25. Rxd1 {[%emt 0:00:00]} g6 {[%emt 0:00:01]} 26. Ng3 {[%emt 0:
00:02]} Rf4 {[%emt 0:00:01]} 27. Rc1 {[%emt 0:00:02]} h5 {[%emt 0:00:02]} 28.
f3 {[%emt 0:00:02]} Bf5 {[%emt 0:00:04]} 29. c5 {[%emt 0:00:11]} Rd4 {[%emt 0:
00:06]} 30. cxd6 {[%emt 0:00:04]} cxd6 {[%emt 0:00:02]} 31. Nxf5 {[%emt 0:00:
07]} gxf5 {[%emt 0:00:01]} 32. Rc8+ {[%emt 0:00:01]} Kf7 {[%emt 0:00:02]} 33.
Rc7+ {[%emt 0:00:00]} Kf6 {[%emt 0:00:01]} 34. Rxa7 {[%emt 0:00:00]} Rxd5 {
[%emt 0:00:01]} 35. Rb7 {[%emt 0:00:01]} Rb5 {[%emt 0:00:02]} 36. Kf2 {[%emt 0:
00:05]} Ke6 {[%emt 0:00:01]} 37. Ke3 {[%emt 0:00:02]} Kd5 {[%emt 0:00:01]} 38.
Kd3 {[%emt 0:00:22]} e4+ {[%emt 0:00:02]} 39. fxe4+ {[%emt 0:00:01]} fxe4+ {
[%emt 0:00:01]} 40. Kc3 {[%emt 0:00:03]} Kc6 {[%emt 0:00:01]} 41. Re7 {[%emt 0:
00:05]} Rg5 {[%emt 0:00:03]} 42. g3 {[%emt 0:00:04]} d5 {[%emt 0:00:01]} 43.
Kd4 {[%emt 0:00:02]} h4 {[%emt 0:00:02]} 44. gxh4 {[%emt 0:00:05]} Rh5 {[%emt
0:00:04]} 45. a4 {[%emt 0:00:06]} Rxh4 {[%emt 0:00:02]} 46. Re6+ {[%emt 0:00:
01]} Kc7 {[%emt 0:00:02]} 47. Kxd5 {[%emt 0:00:02]} Rxh2 {[%emt 0:00:03]} 48.
Re7+ {[%emt 0:00:03]} Kd8 {[%emt 0:00:03]} 49. Rxe4 {[%emt 0:00:01]} Kd7 {
[%emt 0:00:03]} 50. Kc4 {[%emt 0:00:05]} Rh5 {[%emt 0:00:03]} 51. Rg4 {[%emt 0:
00:03]} Kc6 {[%emt 0:00:03]} 52. Rg6+ {[%emt 0:00:05]} Kc7 {[%emt 0:00:01]} 53.
Rf6 {[%emt 0:00:04]} Re5 {[%emt 0:00:06]} 54. Rh6 {[%emt 0:00:05]} Rg5 {[%emt
0:00:02]} 55. Rh4 {[%emt 0:00:02]} Kc6 {[%emt 0:00:02]} 56. Rd4 {[%emt 0:00:02]
} Rg1 {[%emt 0:00:03]} 57. Rh4 {[%emt 0:00:05]} Rc1+ {[%emt 0:00:01]} 58. Kb3 {
[%emt 0:00:01]} Rb1+ {[%emt 0:00:01]} 59. Kc3 {[%emt 0:00:02]} Rc1+ {[%emt 0:
00:01]} 60. Kb2 {[%emt 0:00:01]} Rg1 {[%emt 0:00:02]} 61. Rh6+ {[%emt 0:00:01]}
Kc7 {[%emt 0:00:02]} 62. Kb3 {[%emt 0:00:02]} Rg4 {[%emt 0:00:02]} 63. Rh5 {
[%emt 0:00:05]} Kc6 {[%emt 0:00:02]} 64. a5 {[%emt 0:00:01]} bxa5 {[%emt 0:00:
05]} 65. Rxa5 {[%emt 0:00:00]} Rg1 {[%emt 0:00:02]} 66. Ra6+ {[%emt 0:00:02]}
Kb5 {[%emt 0:00:01]} 67. Ra5+ {[%emt 0:00:00]} Kb6 {[%emt 0:00:01]} 68. Rf5 {
[%emt 0:00:03]} Rb1+ {[%emt 0:00:01]} 69. Kc3 {[%emt 0:00:01]} Rc1+ {[%emt 0:
00:01]} 70. Kb2 {[%emt 0:00:01]} Rc4 {[%emt 0:00:02]} 71. Kb3 {[%emt 0:00:02]}
Rc1 {[%emt 0:00:01]} 72. Rf3 {[%emt 0:00:12]} Kb5 {[%emt 0:00:05]} 73. Rf5+ {
[%emt 0:00:01]} Kb6 {[%emt 0:00:01]} 74. Kb2 {[%emt 0:00:03]} Rc4 {[%emt 0:00:
01]} 75. Ka3 {[%emt 0:00:04]} Rc1 {[%emt 0:00:01] Jebe bietet Remis} 1/2-1/2

[Event "Villarobledo Online Qualifyer"]
[Site "playchess.com #155672"]
[Date "2009.05.23"]
[Round "5"]
[White "Z_Grandic"]
[Black "Tomik Trhal"]
[Result "1/2-1/2"]
[WhiteElo "2534"]
[BlackElo "2173"]
[PlyCount "161"]
[EventDate "2009.05.23"]
[EventType "swiss (blitz)"]

1. e4 {[%emt 0:00:01]} c6 {[%emt 0:00:02]} 2. Nf3 {[%emt 0:00:01]} g6 {[%emt 0:
00:02]} 3. c3 {[%emt 0:00:01]} d5 {[%emt 0:00:01]} 4. exd5 {[%emt 0:00:01]}
cxd5 {[%emt 0:00:01]} 5. d4 {[%emt 0:00:00]} Bg7 {[%emt 0:00:01]} 6. Bd3 {
[%emt 0:00:03]} Nc6 {[%emt 0:00:01]} 7. O-O {[%emt 0:00:01]} Bg4 {[%emt 0:00:
01]} 8. Re1 {[%emt 0:00:01]} e6 {[%emt 0:00:04]} 9. h3 {[%emt 0:00:06]} Bxf3 {
[%emt 0:00:02]} 10. Qxf3 {[%emt 0:00:00]} Nge7 {[%emt 0:00:01]} 11. Bg5 {[%emt
0:00:05]} O-O {[%emt 0:00:02]} 12. Nd2 {[%emt 0:00:10]} Qd7 {[%emt 0:00:06]}
13. Nb3 {[%emt 0:00:06]} b6 {[%emt 0:00:03]} 14. Bb5 {[%emt 0:00:13]} Rac8 {
[%emt 0:00:07]} 15. Rad1 {[%emt 0:00:10]} Qb7 {[%emt 0:00:06]} 16. Nc1 {[%emt
0:00:11]} a6 {[%emt 0:00:01]} 17. Bf1 {[%emt 0:00:02]} b5 {[%emt 0:00:02]} 18.
Nd3 {[%emt 0:00:01]} Nf5 {[%emt 0:00:19]} 19. Nc5 {[%emt 0:00:22]} Qa7 {[%emt
0:00:13]} 20. Bd3 {[%emt 0:00:14]} Nd6 {[%emt 0:00:04]} 21. b3 {[%emt 0:00:09]}
Nb7 {[%emt 0:00:02]} 22. b4 {[%emt 0:00:01]} Nxc5 {[%emt 0:00:06]} 23. bxc5 {
[%emt 0:00:01]} b4 {[%emt 0:00:05]} 24. cxb4 {[%emt 0:00:05]} Nxd4 {[%emt 0:00:
17]} 25. Qf4 {[%emt 0:00:10]} Nc6 {[%emt 0:00:34]} 26. a3 {[%emt 0:00:03]} e5 {
[%emt 0:00:05]} 27. Qh4 {[%emt 0:00:04]} e4 {[%emt 0:00:25]} 28. Bb1 {[%emt 0:
00:08]} a5 {[%emt 0:00:13]} 29. b5 {[%emt 0:00:10]} Nd4 {[%emt 0:00:02]} 30.
Bf6 {[%emt 0:00:07]} Nxb5 {[%emt 0:00:05]} 31. Bxg7 {[%emt 0:00:03]} Kxg7 {
[%emt 0:00:01]} 32. Rxd5 {[%emt 0:00:01]} Rxc5 {[%emt 0:00:02]} 33. Qxe4 {
[%emt 0:00:07]} Rxd5 {[%emt 0:00:32]} 34. Qxd5 {[%emt 0:00:01]} Nxa3 {[%emt 0:
00:07]} 35. Ba2 {[%emt 0:00:23] .} Kg8 {[%emt 0:00:05]} 36. Qb3 {[%emt 0:00:19]
} Qc5 {[%emt 0:00:02] Tomik Trhal offers a draw} 37. Re3 {[%emt 0:00:19]} Nb5 {
[%emt 0:00:01]} 38. Rf3 {[%emt 0:00:07]} Nd4 {[%emt 0:00:04]} 39. Qe3 {[%emt 0:
00:04]} Qd6 {[%emt 0:00:05]} 40. Rxf7 {[%emt 0:00:03]} Rxf7 {[%emt 0:00:03]}
41. Qe8+ {[%emt 0:00:01]} Qf8 {[%emt 0:00:01]} 42. Bxf7+ {[%emt 0:00:01]} Kg7 {
[%emt 0:00:01]} 43. Qe5+ {[%emt 0:00:00]} Kxf7 {[%emt 0:00:01]} 44. Qxd4 {
[%emt 0:00:00]} Qb4 {[%emt 0:00:01]} 45. Qd5+ {[%emt 0:00:01]} Kg7 {[%emt 0:00:
01]} 46. g3 {[%emt 0:00:00]} a4 {[%emt 0:00:01]} 47. Qd7+ {[%emt 0:00:01]} Kg8
{[%emt 0:00:02]} 48. h4 {[%emt 0:00:00]} a3 {[%emt 0:00:01]} 49. Qe8+ {[%emt 0:
00:00]} Kg7 {[%emt 0:00:01]} 50. Qa8 {[%emt 0:00:00]} Qb2 {[%emt 0:00:01]} 51.
Kg2 {[%emt 0:00:00]} a2 {[%emt 0:00:01]} 52. Qa7+ {[%emt 0:00:01]} Kg8 {[%emt
0:00:01]} 53. Qa8+ {[%emt 0:00:01]} Kg7 {[%emt 0:00:01]} 54. Qa7+ {[%emt 0:00:
02]} Kg8 {[%emt 0:00:01]} 55. Qa8+ {[%emt 0:00:05]} Kf7 {[%emt 0:00:07]} 56.
Qa7+ {[%emt 0:00:01]} Ke6 {[%emt 0:00:01]} 57. Qa6+ {[%emt 0:00:01]} Kd7 {
[%emt 0:00:02]} 58. Qa7+ {[%emt 0:00:03]} Kc8 {[%emt 0:00:02]} 59. Qa8+ {[%emt
0:00:01]} Kc7 {[%emt 0:00:01]} 60. Qa5+ {[%emt 0:00:01]} Kc6 {[%emt 0:00:01]}
61. Qa6+ {[%emt 0:00:03]} Kc5 {[%emt 0:00:02]} 62. Qa5+ {[%emt 0:00:03]} Kc4 {
[%emt 0:00:02]} 63. Qa4+ {[%emt 0:00:01]} Kc3 {[%emt 0:00:01]} 64. Qc6+ {[%emt
0:00:01]} Kd2 {[%emt 0:00:02]} 65. Qd5+ {[%emt 0:00:01]} Kc1 {[%emt 0:00:02]}
66. Qc4+ {[%emt 0:00:01]} Kb1 {[%emt 0:00:01]} 67. Qf1+ {[%emt 0:00:06]} Qc1 {
[%emt 0:00:02]} 68. Qb5+ {[%emt 0:00:02]} Qb2 {[%emt 0:00:02]} 69. Qf1+ {[%emt
0:00:01]} Kc2 {[%emt 0:00:01]} 70. Qc4+ {[%emt 0:00:01]} Kd2 {[%emt 0:00:07]}
71. Qd5+ {[%emt 0:00:02]} Kc1 {[%emt 0:00:07]} 72. Qc4+ {[%emt 0:00:01]} Qc2 {
[%emt 0:00:02]} 73. Qf1+ {[%emt 0:00:02]} Kb2 {[%emt 0:00:01]} 74. Qb5+ {[%emt
0:00:02]} Qb3 {[%emt 0:00:01]} 75. Qe2+ {[%emt 0:00:01]} Kc1 {[%emt 0:00:05]}
76. Qe1+ {[%emt 0:00:02]} Kb2 {[%emt 0:00:02] Tomik Trhal offers a draw} 77.
Qd2+ {[%emt 0:00:05]} Qc2 {[%emt 0:00:02]} 78. Qb4+ {[%emt 0:00:02]} Qb3 {
[%emt 0:00:06]} 79. Qd2+ {[%emt 0:00:04]} Kb1 {[%emt 0:00:01]} 80. Qe1+ {[%emt
0:00:02]} Kb2 {[%emt 0:00:02]} 81. Qd2+ {[%emt 0:00:01] (Lag: Av=0.23s, max=1.
5s)} 1/2-1/2

[Event "Villarobledo Online Qualifyer"]
[Site "playchess.com #155672"]
[Date "2009.05.23"]
[Round "5"]
[White "Unicorn"]
[Black "Mtv star"]
[Result "1/2-1/2"]
[WhiteElo "2595"]
[BlackElo "2354"]
[PlyCount "162"]
[EventDate "2009.05.23"]
[EventType "swiss (blitz)"]

1. d4 {[%emt 0:00:06]} d5 {[%emt 0:00:01]} 2. c4 {[%emt 0:00:03]} c6 {[%emt 0:
00:01]} 3. Nf3 {[%emt 0:00:02]} e6 {[%emt 0:00:05]} 4. Nc3 {[%emt 0:00:01]} f5
{[%emt 0:00:01]} 5. g3 {[%emt 0:00:02]} Nf6 {[%emt 0:00:02]} 6. Bg2 {[%emt 0:
00:00]} Bd6 {[%emt 0:00:01]} 7. O-O {[%emt 0:00:01]} Nbd7 {[%emt 0:00:02]} 8.
b3 {[%emt 0:00:02]} O-O {[%emt 0:00:01]} 9. Bb2 {[%emt 0:00:01]} Qe7 {[%emt 0:
00:01]} 10. Rc1 {[%emt 0:00:06]} a5 {[%emt 0:00:01]} 11. e3 {[%emt 0:00:02]} b6
{[%emt 0:00:03]} 12. Ne2 {[%emt 0:00:04]} Bb7 {[%emt 0:00:11]} 13. Ne5 {[%emt
0:00:06]} Rac8 {[%emt 0:00:10] Mtv star offers a draw} 14. Nf4 {[%emt 0:00:31]}
Bb8 {[%emt 0:00:20]} 15. Nfd3 {[%emt 0:00:05]} Nxe5 {[%emt 0:00:02]} 16. Nxe5 {
[%emt 0:00:04]} Nd7 {[%emt 0:00:03]} 17. Nd3 {[%emt 0:00:05]} Bd6 {[%emt 0:00:
04]} 18. Qd2 {[%emt 0:00:03]} c5 {[%emt 0:00:06]} 19. cxd5 {[%emt 0:00:03]}
Bxd5 {[%emt 0:00:04]} 20. dxc5 {[%emt 0:00:02]} bxc5 {[%emt 0:00:46]} 21. Bxd5
{[%emt 0:00:06]} exd5 {[%emt 0:00:01]} 22. Nf4 {[%emt 0:00:02]} Bxf4 {[%emt 0:
00:53]} 23. Qxd5+ {[%emt 0:00:04]} Qf7 {[%emt 0:00:07]} 24. Qxf7+ {[%emt 0:00:
01]} Rxf7 {[%emt 0:00:00]} 25. gxf4 {[%emt 0:00:10]} Nb6 {[%emt 0:00:03]} 26.
Rfd1 {[%emt 0:00:02]} h6 {[%emt 0:00:19]} 27. Rd6 {[%emt 0:00:03]} Rb7 {[%emt
0:00:01]} 28. Ba3 {[%emt 0:00:07]} c4 {[%emt 0:00:03]} 29. bxc4 {[%emt 0:00:28]
.} Nxc4 {[%emt 0:00:06]} 30. Rd4 {[%emt 0:00:04]} Rbc7 {[%emt 0:00:01]} 31. Rc3
{[%emt 0:00:09]} a4 {[%emt 0:00:05]} 32. Bb4 {[%emt 0:00:07]} h5 {[%emt 0:00:
01]} 33. a3 {[%emt 0:00:03]} Kh7 {[%emt 0:00:02]} 34. Kg2 {[%emt 0:00:01]} Kg6
{[%emt 0:00:03]} 35. Kh3 {[%emt 0:00:17]} Rc6 {[%emt 0:00:02]} 36. Rcd3 {[%emt
0:00:04]} Kh7 {[%emt 0:00:04]} 37. Rd7 {[%emt 0:00:03]} Rg6 {[%emt 0:00:03]}
38. Ra7 {[%emt 0:00:08]} Re8 {[%emt 0:00:14]} 39. Rc7 {[%emt 0:00:13]} Re4 {
[%emt 0:00:02]} 40. Rcd7 {[%emt 0:00:07]} Nb2 {[%emt 0:00:04]} 41. Rd2 {[%emt
0:00:03]} Nc4 {[%emt 0:00:01]} 42. R2d4 {[%emt 0:00:01]} Rxd4 {[%emt 0:00:01]}
43. Rxd4 {[%emt 0:00:01]} Nb6 {[%emt 0:00:01]} 44. Rd6 {[%emt 0:00:01]} Rxd6 {
[%emt 0:00:02]} 45. Bxd6 {[%emt 0:00:00]} Kg6 {[%emt 0:00:01]} 46. Kg3 {[%emt
0:00:04]} Nc4 {[%emt 0:00:01]} 47. Bb4 {[%emt 0:00:02]} Kf6 {[%emt 0:00:01]}
48. Kf3 {[%emt 0:00:01]} g6 {[%emt 0:00:02]} 49. Ke2 {[%emt 0:00:01]} Nb6 {
[%emt 0:00:03]} 50. Kd3 {[%emt 0:00:02]} Ke6 {[%emt 0:00:01]} 51. Kd4 {[%emt 0:
00:02]} Nd7 {[%emt 0:00:02]} 52. f3 {[%emt 0:00:02]} Nf6 {[%emt 0:00:03]} 53.
h3 {[%emt 0:00:03]} Nh7 {[%emt 0:00:02]} 54. e4 {[%emt 0:00:02]} g5 {[%emt 0:
00:02]} 55. e5 {[%emt 0:00:15]} g4 {[%emt 0:00:02]} 56. fxg4 {[%emt 0:00:03]}
fxg4 {[%emt 0:00:04]} 57. hxg4 {[%emt 0:00:01]} hxg4 {[%emt 0:00:00]} 58. Ke4 {
[%emt 0:00:01]} g3 {[%emt 0:00:00]} 59. f5+ {[%emt 0:00:03]} Kd7 {[%emt 0:00:
00]} 60. Kf4 {[%emt 0:00:03]} g2 {[%emt 0:00:03]} 61. Bc5 {[%emt 0:00:01]} Kc6
{[%emt 0:00:03]} 62. Bg1 {[%emt 0:00:01]} Kd5 {[%emt 0:00:00]} 63. Bh2 {[%emt
0:00:04]} Nf8 {[%emt 0:00:03]} 64. e6 {[%emt 0:00:01]} Nxe6+ {[%emt 0:00:02]}
65. fxe6 {[%emt 0:00:05]} Kxe6 {[%emt 0:00:00] Mtv star offers a draw} 66. Ke4
{[%emt 0:00:01]} Kd7 {[%emt 0:00:01]} 67. Bg1 {[%emt 0:00:01]} Kc6 {[%emt 0:00:
00]} 68. Kd4 {[%emt 0:00:01]} Kb7 {[%emt 0:00:00]} 69. Kc4 {[%emt 0:00:01]} Ka8
{[%emt 0:00:00]} 70. Kb4 {[%emt 0:00:01]} Kb8 {[%emt 0:00:00]} 71. Kxa4 {[%emt
0:00:00]} Ka8 {[%emt 0:00:00]} 72. Kb5 {[%emt 0:00:00]} Kb8 {[%emt 0:00:00]}
73. Ka6 {[%emt 0:00:01] Mtv star offers a draw} Ka8 {[%emt 0:00:01]} 74. a4 {
[%emt 0:00:00]} Kb8 {[%emt 0:00:01]} 75. a5 {[%emt 0:00:00]} Ka8 {[%emt 0:00:
00]} 76. Kb5 {[%emt 0:00:01]} Kb7 {[%emt 0:00:01]} 77. a6+ {[%emt 0:00:01]} Ka8
{[%emt 0:00:00]} 78. Kb6 {[%emt 0:00:01]} Kb8 {[%emt 0:00:01]} 79. Kc6 {[%emt
0:00:03]} Ka8 {[%emt 0:00:00]} 80. Kc5 {[%emt 0:00:06]} Ka7 {[%emt 0:00:01]}
81. Kb5+ {[%emt 0:00:02]} Ka8 {[%emt 0:00:00] Mtv star offers a draw} 1/2-1/2